00372nam a2200157Ia 4500008004100000040000600041041001200047082001000059082000700069100002800076245002300104245002800127260000900155365002500164501002500189141004s9999 xx 000 0 und d ca aEnglish a630.2 bCL aG.S.L.H.V Prasada Rao aClimate and cashew cG.S.L.H.V Prasada Rao c2002 aRs. 100  aforestry